banner-ar

البيئة والاورام علم السرطان البيئى الوقائى / (Record no. 37795)

MARC details
000 -الفاتح
حقل البيانات ثابتة الطول 00402nam a2200133Ia 4500
008 - عناصر البيانات ثابتة الطول - معلومات عامة
حقل البيانات ثابتة الطول 140319s9999 xx 000 0 ara d
040 ## - مصدر الفهرسة
وكالة الفهرسة الأصلية GCL /
وكالة النسخ GCL
082 04 - رقم تصنيف ديوى العشرى
رقم التصنيف 614.5999
رقم المادة س ب
100 1# - المدخل الرئيسى - إسم شخصى
الإسم الشخصى سعيد محمد الحفار
245 10 - بيان العنوان
العنوان البيئة والاورام علم السرطان البيئى الوقائى /
بيان المسئوليه,etc سعيد محمد الحفار
300 ## - الوصف المادى
التعداد 528 ص
490 ## - بيان السلسلة
عنوان السلسلة
Holdings
حالة التراجع حالة الفقد حالة تلف ليس للاعارة المكان المؤقت الموقع الحالى تاريخ الاكتساب اجمالي اﻻعارات رقم الطلب الباركود تاريخ اخر مشاهدة تاريخ تفعيل السعر نوع وعاء كوها
        مكتبة القاهرة الكبرى مكتبة القاهرة الكبرى 03/26/2014   614.5999\س ب 92269 03/26/2014 03/26/2014 كتاب
        مكتبة القاهرة الكبرى مكتبة القاهرة الكبرى 03/26/2014   614.5999\س ب 92270 03/26/2014 03/26/2014 كتاب

Powered By

EGPV